000 00535nmm a2200169Ia 4500
008 251105s9999||||xx |||||||||||||||||und||
020 _a9788437098050
041 _aspa
100 _aMalonda Arsis, Ángeles
245 0 _aAquello sucedió así
264 _a[Madrid, España] :
_bPublicaciones de la Universidad de Valencia (PUV),
_c2015
300 _a160 páginas
490 _ahistòria i memòria del franquisme
650 _aHistory of Europe: Spain
856 _uhttps://public.digitaliapublishing.com/a/44413
942 _cCF
999 _c82699
_d82699